Les espaces de l'Allemagne au XIXe siècle. - Strasbourg : Presses Univ. de Strasbourg. - 2010 [Rezension]

Titel: Les espaces de l'Allemagne au XIXe siècle. - Strasbourg : Presses Univ. de Strasbourg. - 2010 [Rezension]
Verfasser:
In: Revue historique, Band 135/113, Heft 658 (2011), Seite 454-455
alle Artikel anzeigen
Veröffentlicht: 2011
Format: Aufsatz
Sprache: Französisch
Kein Bild verfügbar
X
alg: 39505178
001A    $01999:12-11-16 
001B    $01999:01-06-17 $t18:18:05.000 
001D    $01999:12-11-16 
001U    $0utf8 
001X    $00 
002@    $0Aox 
003@    $0395051789 
007A    $0395051789 $aHEB 
007T    $0Herdc0076654m 
010@    $afre 
011@    $a2011 
021A    $aLes @espaces de l'Allemagne au XIXe siècle. - Strasbourg : Presses Univ. de Strasbourg. -  2010 [Rezension] 
028A    $aBarral $dPierre 
031A    $d135/113 $e658 $h454-455 $j2011 
039B    $aIn $8--Abvc--. Revue historique. - Paris : Presses Univ. de France, 1876-. - ISSN 0035-3264 $x201100001350658546 $9047310693 
039T    $8--Aau--. Les @espaces de l'Allemagne au XIXe siècle. - Strasbourg : Presses Univ. de Strasbourg, 2010. - 268 S.. - Ill., Kt.. - ISBN 2-86820-405-8 $9356893308 
045T    $a8 

lok: 39505178 78

exp: 39505178 78 1 #EPN
201B/01 $018-11-16 $t13:35:48.000 
201U/01 $0utf8 
203@/01 $079135041X 
208@/01 $a12-11-16 $be 
209A/01 $a/ $f000 $x00 
220C/01 $aTitelaufnehmer: kk 
220C/01 $aHerkunft: HI Marburg 
244Z/01 $2Trx $#arvustused $#recenzijos $#Reviews $#recenziók $#recenzje $#recenzie $#recenze $8--Trx--Rezensionen $x01 $9391357441 
247C/01 $82080>Marburg/Lahn, Herder-Institut, Forschungsbibliothek, Bibliographieportal $9336309341
LEADER 00000caa a22000002c 4500
001 395051789
003 DE-603
005 20170601181805.0
007 tu
008 161112s2011 xx |||| | u00||u|fre c
035 |a (DE-599)HEB395051789 
040 |a DE-603  |b ger  |c DE-603  |d DE-603 
041 |a fre 
084 |a 8  |2 ssgn 
100 1 |a Barral, Pierre 
245 0 0 |a ˜Lesœ espaces de l'Allemagne au XIXe siècle. - Strasbourg : Presses Univ. de Strasbourg. - 2010 [Rezension] 
264 0 |c 2011 
773 0 8 |i In  |t Revue historique  |d Paris : Presses Univ. de France, 1876-  |x 0035-3264  |g Band 135/113, Heft 658 (2011), Seite 454-455  |w (DE-603)047310693  |w (DE-600)209825-8 
787 0 8 |i Rezension von  |t ˜Lesœ espaces de l'Allemagne au XIXe siècle  |d Strasbourg : Presses Univ. de Strasbourg, 2010  |h 268 S., Ill., Kt.  |z 2868204058  |z 9782868204059  |w (DE-603)356893308 
924 0 |9 2080  |a (DE-603)79135041X  |b DE-2080  |c HES  |d d  |g /